Consideraciones sobre el gobierno representativo

Αποθηκεύτηκε σε:
Λεπτομέρειες βιβλιογραφικής εγγραφής
Κύριος συγγραφέας: Mill, John Stuart (autor)
Μορφή: Βιβλίο
Γλώσσα:Ισπανικά
Έκδοση: Ciudad de México Herrero Hermanos Sucesores 1966
Θέματα:
Ετικέτες: Προσθήκη ετικέτας
Δεν υπάρχουν, Καταχωρήστε ετικέτα πρώτοι!

MARC

LEADER 00000nam a2200000 a 4500
001 UCT6343
003 CL-VaPUC
008 970106e19660000MX |||||||||||||||||spa|d
082 0 4 |a 321.804  |b MIL  |2 21 
100 |a Mill, John Stuart   |e autor  |9 257759 
245 1 0 |a Consideraciones sobre el gobierno representativo 
300 |a 319 p 
942 |c BK 
945 |d 19970106 00:00:00  |a lriquelm 
260 |a Ciudad de México  |b Herrero Hermanos Sucesores  |c 1966 
650 0 |a Ciencias Políticas  |9 255201 
650 0 |a Gobierno   |9 255508 
650 0 |a Parlamento  |9 338611 
650 0 |a Instituciones políticas  |9 255506 
650 7 |a SISTEMAS PARLAMENTARIOS  |2 CL-VaPUC  |9 367747 
583 |a last modification  |c 19970106 00:00:00  |k Rodrigo Vera 
999 |c 255056  |d 255054 
952 |0 0  |1 0  |4 0  |6 321_804000000000000_MIL_1966  |7 0  |8 A  |9 277098  |a BIBDER  |b BIBDER  |d 2019-11-19  |i 1798472  |o 321.804 MIL 1966  |p 1798472  |r 2023-01-25  |w 2019-11-19  |y BK  |k DER